Normal view MARC view
  • KUMAR, DR.PANKAJ

Entry Personal Name

Number of records used in: 1

001 - CONTROL NUMBER

  • control field: 7863

003 - CONTROL NUMBER IDENTIFIER

  • control field: JRU

005 - DATE AND TIME OF LATEST TRANSACTION

  • control field: 20230725131241.0

008 - FIXED-LENGTH DATA ELEMENTS

  • fixed length control field: 230725|| aca||aabn | a|a d

040 ## - CATALOGING SOURCE

  • Original cataloging agency: JRU
  • Transcribing agency: JRU

100 ## - HEADING--PERSONAL NAME

  • Personal name: KUMAR, DR.PANKAJ

670 ## - SOURCE DATA FOUND

  • Source citation: Work cat.: (JRU)8329: KUMAR, DR.PANKAJ, A TEXTBOOK OF ENGINEERING PHYSICS- I, 1979